000 00245nam a2200097Ia 4500
005 20251222154401.0
008 251222s9999||||xx |||||||||||||| ||spa||
082 _aREF.985.008/C76/T.VIII/V.III
245 0 _aLa expedición libertadora
942 _cLIB
999 _c35291
_d35291